America's bravest (Record no. 591184)

000 -LEADER
fixed length control field 00425nam a22001697a 4500
003 - CONTROL NUMBER IDENTIFIER
control field NUST
005 - DATE AND TIME OF LATEST TRANSACTION
control field 20220817145158.0
008 - FIXED-LENGTH DATA ELEMENTS--GENERAL INFORMATION
fixed length control field 220817b ||||| |||| 00| 0 eng d
020 ## - INTERNATIONAL STANDARD BOOK NUMBER
International Standard Book Number 9781939501103
038 ## - RECORD CONTENT LICENSOR
Staff Name Azhar
082 ## - DEWEY DECIMAL CLASSIFICATION NUMBER
Classification number 813.54
Author Mark SHA
100 ## - MAIN ENTRY--PERSONAL NAME
Personal name Shay, Kathryn
9 (RLIN) 97847
245 ## - TITLE STATEMENT
Title America's bravest
Statement of responsibility, etc. Kathryn Shay
260 ## - PUBLICATION, DISTRIBUTION, ETC.
Place of publication, distribution, etc. Los Gatos
Name of publisher, distributor, etc. Kathryn Shay ,Smashwords
Date of publication, distribution, etc. 2013
300 ## - PHYSICAL DESCRIPTION
Extent 637p
942 ## - ADDED ENTRY ELEMENTS (KOHA)
Source of classification or shelving scheme
Koha item type Lincoln Corner
Holdings
Withdrawn status Lost status Source of classification or shelving scheme Damaged status Not for loan Permanent Location Current Location Shelving location Date acquired Full call number Barcode Date last seen Price effective from Koha item type
          Central Library (CL) Central Library (CL) Lincoln Corner 08/17/2022 813.54 SHA LC-359 08/17/2022 08/17/2022 Reference
© 2023 Central Library, National University of Sciences and Technology. All Rights Reserved.